000 00399nam a2200145Ia 4500
008 090124s9999 xx 000 0 und d
082 _b304011
245 _a भंगलेले देऊळ
250 _a1
260 _bकेळकर राजा
_c2000
300 _a123
630 _a भंगलेले देऊळ
730 _a भंगलेले देऊळ
942 _cBOOK
999 _c193648
_d193648